Planning slumps (Record no. 74285)

MARC details
000 -LEADER
fixed length control field 01060cab a2200253 4500
001 - CONTROL NUMBER
control field ABS67624
008 - FIXED-LENGTH DATA ELEMENTS--GENERAL INFORMATION
fixed length control field 040322n2004 000 0 eng u
035 ## - SYSTEM CONTROL NUMBER
System control number (Sirsi) u125509
100 ## - MAIN ENTRY--PERSONAL NAME
Personal name Menary, S.
245 ## - TITLE STATEMENT
Title Planning slumps
260 ## - PUBLICATION, DISTRIBUTION, ETC.
Date of publication, distribution, etc. 2004
490 ## - SERIES STATEMENT
Series statement HouseBuilder
Volume/sequential designation 63(2) March 2004,34-36(3)
520 ## - SUMMARY, ETC.
Summary, etc. Reports on the fourth quarter 2003 Emap Glenigan survey of new building submissions across England, Wales and Scotland. The survey reveals a substantial slowdown in many parts of the UK in 2003 despite the government's drive for new housing. Overall house builders want to construct more homes per site as submissions fell by a quarter to 173 but the number of units fell only marginally to 9 762 compared to 10 697 in 2002. Tables cover the top 10 house builders for each region.
590 ## - LOCAL NOTE (RLIN)
Local note ABS
650 ## - SUBJECT ADDED ENTRY--TOPICAL TERM
Topical term or geographic name entry element HOUSE BUILDERS
650 ## - SUBJECT ADDED ENTRY--TOPICAL TERM
Topical term or geographic name entry element NEW HOUSES
650 ## - SUBJECT ADDED ENTRY--TOPICAL TERM
Topical term or geographic name entry element ENGLAND
650 ## - SUBJECT ADDED ENTRY--TOPICAL TERM
Topical term or geographic name entry element RANKINGS
650 ## - SUBJECT ADDED ENTRY--TOPICAL TERM
Topical term or geographic name entry element SCOTLAND
650 ## - SUBJECT ADDED ENTRY--TOPICAL TERM
Topical term or geographic name entry element WALES
650 ## - SUBJECT ADDED ENTRY--TOPICAL TERM
Topical term or geographic name entry element PLANNING APPLICATIONS
690 ## - LOCAL SUBJECT ADDED ENTRY--TOPICAL TERM (OCLC, RLIN)
Topical term or geographic name as entry element HOUSING-DEVELOPMENT
942 ## - ADDED ENTRY ELEMENTS (KOHA)
Suppress in OPAC 0
Holdings
Withdrawn status Lost status Source of classification or shelving scheme Damaged status Not for loan Home library Current library Shelving location Date acquired Total Checkouts Full call number Barcode Date last seen Copy number Price effective from Koha item type
    Dewey Decimal Classification     London London Journal article 22/03/2004   ABS67624 125509-1001 06/08/2019 1 06/08/2019 Journal article